000 00491nam a2200181Ia 4500
003 IN-BaIIA
008 211028s9999 xx 000 0 eng d
040 _cIIA Library
080 _a539.1
_bDUQ
100 _aDuquesne, Maurice
_95288
245 0 _aMatter and antimatter
_cMaurice Duquesne
260 _aLondon
_bArrow Books
_c1960
300 _a127p.
650 _aAntimatter
_95289
650 _aMatter
650 _aNASA Thesaurus
942 _cBK
999 _c2965
_d2965